000 00559nam a2200193Ia 4500
999 _c32378
_d32378
003 OSt
005 20200727113446.0
008 190216s9999||||xx |||||||||||||| ||und||
020 _a9788131723227
040 _coclc
082 _a512.5
_bKOL/I
100 _aKolman, Bernard
_93769
245 0 _aIntroductory Linear Algebra /
_cBernard Kolman ; David R Hill
250 _a8th Ed.
260 _bPearson Education Asia,
_c2011.
_aNew Delhi:
300 _a637p
650 _aMathematics
942 _cBK
_2ddc
_h512.5
_iKOL/I
_k512.5
_mKOL/I